[Event "Greece Christmas op"]
[Site "Greece"]
[Date "2003.??.??"]
[Round "7"]
[White "Mihaloudis, Georgios"]
[Black "Babas, E."]
[Result "1/2-1/2"]
[WhiteElo "1510"]
[BlackElo "1470"]
[PlyCount "41"]
[EventDate "2003.??.??"]
[EventType "swiss"]
[EventRounds "7"]
[EventCountry "GRE"]
[SourceTitle "EXT 2006"]
[Source "ChessBase"]
[SourceDate "2005.11.24"]
[SourceVersion "1"]
[SourceVersionDate "2005.11.24"]
[SourceQuality "1"]

1. d4 d5 2. c4 e6 3. Nc3 Be7 4. Nf3 Nf6 5. Bf4 0-0 6. e3 c5 7. Be2 Nbd7 8. 0-0 cxd4 9. exd4 dxc4 10. Bxc4 Nb6 11. Bb3 Nbd5 12. Nxd5 Nxd5 13. Qc1 b6 14. Bxd5 Qxd5 15. Qc7 Bf6 16. Be5 Bb7 17. Bxf6 gxf6 18. Qe7 f5 19. Qg5+ Kh8 20. Qf6+ Kg8 21. Qg5+ 1/2-1/2